Chế độ ruộng đất ở Việt Nam từ thế kỷ XI đến thế kỷ XVIII

שמור ב:
מידע ביבליוגרפי
מחבר ראשי: Trương Hữu Quýnh
פורמט: ספר
שפה:Undetermined
יצא לאור: Hà Nội KHXH 1982
נושאים:
תגים: הוספת תג
אין תגיות, היה/י הראשונ/ה לתייג את הרשומה!
Thư viện lưu trữ: Trung tâm Học liệu Trường Đại học Cần Thơ
LEADER 00604nam a2200169Ia 4500
001 CTU_11016
008 210402s9999 xx 000 0 und d
082 |a 959.703 
082 |b Qu609/T1 
100 |a Trương Hữu Quýnh 
245 0 |a Chế độ ruộng đất ở Việt Nam từ thế kỷ XI đến thế kỷ XVIII 
245 0 |c Trương Hữu Quýnh 
260 |a Hà Nội 
260 |b KHXH 
260 |c 1982 
650 |a land tenure - law,land use, rural - vietnam,vietnam - history - 15th century 
980 |a Trung tâm Học liệu Trường Đại học Cần Thơ